01414 a2200265 45000010006000000050017000060080041000230030015000640400040000790800083001192450132002020200018003342640044003523000019003965050496004150410008009111000016009197000023009357000016009587000023009747000018009977000017010157000017010328560099010496037320260407155854.0260407a1999 arg spa dAR-UNSa-BCEJYS aAR-UNSa-BCEJYSbspacAR-UNSa-BCEJYS a658.15xAdministración financiera privada. Gestión financiera de empresas 10aEVA valor económico agregadopUn nuevo enfoque para optimizar la gestión empresarial, motivar a los empleados y crear valor a958-04-5547-3 1aBogotá :bGrupo Editorial Normac1999 a170 p.c23 cm. a1. Introducción - 2. Los indicadores tradicionales de la creación de valor para el accionista y de la gestión de los directivos – 3. El valor económico agregado – 4. El UAIDI: Utilidades antes de intereses y después de impuestos – 5. El valor contable del activo – 6. El costo promedio de capital – 7. Casos prácticos – 8. El valor de mercado agregado – 9. La fijación de incentivos y la motivación de los empleados – 10. El EVA y el cuadro de mando integral  aspa1 aAmat, Oriol1 aAguilà, Santiago1 aBlake, John1 aFalguera, Jordi de1 aPrat, Noemí1 aPuig, Xavier1 aWraith, Phil41uhttps://www.biblioeco.unsa.edu.ar/pmb/images/libros/L129128.jpgyImagen de portadaqimage/jpeg